BIBLIOTECA

SENCICO

100 interiors around the world : un viaje por el mundo de los interiores = un viaggio nel mondo degli interni = una volta ao mundo dos interiores / (Registro nro. 4092)

Detalles MARC
000 -LEADER
fixed length control field 00921nam a22002657a 4500
003 - CONTROL NUMBER IDENTIFIER
control field PE SENCICO BE
005 - DATE AND TIME OF LATEST TRANSACTION
control field 20251020182634.0
008 - FIXED-LENGTH DATA ELEMENTS--GENERAL INFORMATION
fixed length control field 230405b |||||||| |||| 00| 0 eng d
020 ## - INTERNATIONAL STANDARD BOOK NUMBER
International Standard Book Number 978-3-8365-2989-1
040 ## - CATALOGING SOURCE
Original cataloging agency PE SENCICO BE
Transcribing agency PE SENCICO BE
041 ## - LANGUAGE CODE
Language code of text/sound track or separate title spa
082 ## - DEWEY DECIMAL CLASSIFICATION NUMBER
Classification number 747
Item number I6
245 1# - TITLE STATEMENT
Title 100 interiors around the world : un viaje por el mundo de los interiores = un viaggio nel mondo degli interni = una volta ao mundo dos interiores /
Statement of responsibility, etc. Margit J. Mayer, editor
250 ## - EDITION STATEMENT
Edition statement [1a ed.]
260 ## - PUBLICATION, DISTRIBUTION, ETC.
Place of publication, distribution, etc. Koln :
Name of publisher, distributor, etc. Tashen,
Date of publication, distribution, etc. 2012
300 ## - PHYSICAL DESCRIPTION
Extent 2 volúmenes :
Other physical details il., col., lams.,
Dimensions 32 cm.
505 3# - FORMATTED CONTENTS NOTE
Formatted contents note Volumen 1: A-M -- Volumen 2: M-Z
650 14 - SUBJECT ADDED ENTRY--TOPICAL TERM
9 (RLIN) 44
Topical term or geographic name entry element Diseño de interiores
650 24 - SUBJECT ADDED ENTRY--TOPICAL TERM
9 (RLIN) 25
Topical term or geographic name entry element Decoración de interiores
650 24 - SUBJECT ADDED ENTRY--TOPICAL TERM
9 (RLIN) 77
Topical term or geographic name entry element Viviendas
650 24 - SUBJECT ADDED ENTRY--TOPICAL TERM
9 (RLIN) 199
Topical term or geographic name entry element Distribución de espacios (viviendas)
700 1# - ADDED ENTRY--PERSONAL NAME
9 (RLIN) 871
Personal name Mayer, Margit J.
Relator term editor
910 ## - USER-OPTION DATA (OCLC)
-- hfp
-- hfp
942 ## - ADDED ENTRY ELEMENTS (KOHA)
Source of classification or shelving scheme Dewey Decimal Classification
Koha item type Libros
Existencias
Fecha de la última vez que lo usaron Número de ingreso o de inventario Pago total Signatura topográfica completa Precio efectivo desde Tipo de documento Estado perdido Sistema de clasificación Estado dañado No es para préstamo Retirado Ubicación permanente Ubicación actual Fecha de adquisición
05/04/2023 15610   747/I6/v. 1 05/04/2023 Libros   Dewey Decimal Classification       Biblioteca Central Lima Biblioteca Central Lima 05/04/2023
05/04/2023 15611   747/I6/v. 2 05/04/2023 Libros   Dewey Decimal Classification       Biblioteca Central Lima Biblioteca Central Lima 05/04/2023